000 00566nam a2200193 a 4500
001 1774863791272
003 YourLibrary
005 20260330151549.0
008 260330s1990##################000#0#eng##
020 _a9780419167402
082 0 4 _a362.1
_bKEN
100 1 _aCongress, International Federation of Hospital Engineering.,
_eauthor.
245 1 0 _aThe Changing Scene of Health Care and Technology :
260 _bTaylor & Francis,
_c1990.
300 _a357 pages
650 0 _aArchitecture.
942 _cENGLISH
040 _aYourLibrary
_beng
_cYourLibrary
999 _c618184
_d618184